000 00232nam a2200097Ia 4500
005 20250424112932.0
008 250424s9999 xx 000 0 und d
300 _a64 p. : ill. ; 27 cm.
650 _aBusiness--Periodicals
942 _cSR
999 _c37975
_d37975